The mechanism of conscious life/ (Record no. 114916)
[ view plain ]
| 000 -LEADER | |
|---|---|
| fixed length control field | 00531cam a2200169 4500 |
| 008 - FIXED-LENGTH DATA ELEMENTS--GENERAL INFORMATION | |
| fixed length control field | 101018n 000 0 eng u |
| 020 ## - INTERNATIONAL STANDARD BOOK NUMBER | |
| International Standard Book Number | 8570970218 |
| 035 ## - SYSTEM CONTROL NUMBER | |
| System control number | (Sirsi) a171704 |
| 050 ## - LIBRARY OF CONGRESS CALL NUMBER | |
| Classification number | BF 1999 GON 1997 |
| 100 ## - MAIN ENTRY--PERSONAL NAME | |
| Personal name | Gonzalez Pecotche, Carlos Bernardo |
| 245 ## - TITLE STATEMENT | |
| Title | The mechanism of conscious life/ |
| Statement of responsibility, etc. | by Carlos Bernado Gonzalez Pecotche. |
| 260 ## - PUBLICATION, DISTRIBUTION, ETC. | |
| Place of publication, distribution, etc. | Sao Paulo: |
| Name of publisher, distributor, etc. | Editora Logosofica, |
| Date of publication, distribution, etc. | 1997 |
| 300 ## - PHYSICAL DESCRIPTION | |
| Extent | 122p. |
| Other physical details | ill. |
| 504 ## - BIBLIOGRAPHY, ETC. NOTE | |
| Bibliography, etc. note | Includes Bibliographical References |
| 650 ## - SUBJECT ADDED ENTRY--TOPICAL TERM | |
| Topical term or geographic name entry element | Concious Life |
| 650 ## - SUBJECT ADDED ENTRY--TOPICAL TERM | |
| Topical term or geographic name entry element | Logosofiia |
No items available.